Match-3 Tutorial #1 - Statistics

General Stats
  • This quiz has been taken 24 times
  • The average score is 9 of 20
Answers on the Grid
Answers color-coded by a green-red scale on the quiz's grid according to % correct below.
πŸŸ₯
🟩
πŸŸ₯
πŸŸ₯
πŸŸͺ
🟩
πŸŸͺ
πŸŸ₯
🟩
🟨
🟩
🟦
🟨
πŸŸ₯
πŸŸ₯
🟦
🟨
🟩
πŸŸ₯
πŸŸͺ
πŸŸͺ
🟩
🟩
🟦
πŸŸͺ
🟦
🟦
πŸŸ₯
🟨
🟨
🟦
🟦
🟨
πŸŸ₯
πŸŸ₯
πŸŸͺ
 
Answer Stats
Answer % Correct
πŸŸ₯
63%
πŸŸ₯
56%
🟩
56%
πŸŸ₯
56%
🟩
56%
🟦
56%
🟩
50%
🟦
50%
🟦
50%
🟨
44%
🟦
44%
🟨
44%
🟦
44%
🟨
44%
🟦
44%
🟦
44%
🟩
38%
πŸŸ₯
31%
πŸŸͺ
25%
🟨
25%
No matching quizzes found
Score Distribution
Percent of People with Each Score
Percentile by Number Answered
Your Score History
You have not taken this quiz